01028nac a22002771u 4500010001600000020001500016082001600031090001500047100003400062245005100096260005500147300004000202500003700242500007000279500002700349504003600376505002800412511002800440650002500468700003600493700004800529700003600577942001800613999001500631952010400646 a 69010436 a052107106200a669.94bZIM c7599d7599 aZiman, J. M. [ed.] 04aThe Physics of metals:cedited by J. M. Ziman. aLondon,bCambridge U.P.,c.1969-1975.cc.1969-1975. a2 v.bplates, illus., port.c24 cm. aVolume 2 edited by P. B. Hirsch. aA festschrift on the occasion of Sir Nevill Mott's 60th birthday. aDistributer: Al-Ahram. aBibliography: v. 1. p. 409-424.0 aElectrons.--2. Defects. aCatalogued By: Mahitab. 0aPhysical metallurgy.1 aZiman, J. M.q(John M.),d1925-1 aMott, N. F.q(Nevill Francis),cSir,d1905-1 aHirsch, P. B.q(Peter Bernhard) cBBk669.94ZIM c7599d7599 00104070aMAINbMAINc1STd2008-01-31ePurchasel0o669.94ZIMp000009052r2025-07-15 00:00:00yBB